000 00207 a2200097 4500
001 47397
100 _aBlackett P
245 _aStudies of war
260 _aLondon
_bOliver & Boyd
_c
090 _c30428
_d30428
942 _aNUST-CAE
_cM
_c22701
999 _c282470
_d282470